| 000 | 00797cam a2200277 4500 | ||
|---|---|---|---|
| 008 | 090401t1995 xxu||||| |||| 00| 0 eng d | ||
| 020 | _a0854066713 | ||
| 035 | _a(Sirsi) u61106 | ||
| 041 | _aeng | ||
| 050 |
_a526.9 _c18 |
||
| 090 | _aRICS 1995/43ABCD | ||
| 110 |
_aRoyal Institution of Chartered Surveyors _bMap Users' Panel _94509 |
||
| 245 | 4 | _aThe mapping requirements of the chartered surveying profession | |
| 260 |
_aLondon _bRICS _c1995 |
||
| 300 |
_a17, 6p. _c30cm. |
||
| 350 | _a10 | ||
| 490 | _aRICS Guidance Note | ||
| 650 | _aDIGITAL MAPPING | ||
| 650 | _aGIS | ||
| 650 | _aMAPS | ||
| 690 | _aMAPPING AND MEASUREMENT | ||
| 710 |
_aRoyal Institution of Chartered Surveyors _94900 |
||
| 710 |
_aStrategy Research and Action _94510 |
||
| 942 | _n0 | ||
| 948 | _c04/03/1997 | ||
| 999 |
_c94295 _d94295 |
||